|
|
|
|
| LEADER |
00000nam0a2200000 4500 |
| 001 |
144381 |
| 005 |
20231101221106.0 |
| 010 |
|
|
|a 5750803872
|
| 029 |
1 |
0 |
|a RU
|b 4.1.1106-02
|c МУК
|
| 035 |
|
|
|a (RuTPU)RU\TPU\book\156471
|
| 035 |
|
|
|a RU\TPU\book\156470
|
| 090 |
|
|
|a 144381
|
| 100 |
|
|
|a 20081002d2002 k a0rusy50 ca
|
| 101 |
0 |
|
|a rus
|
| 102 |
|
|
|a RU
|
| 105 |
|
|
|a a l 000zy
|
| 200 |
1 |
|
|a Определение массовой доли йода в пищевых продуктах и сырье титриметрическим методом
|a Методические указания МУК 4.1.1106-02
|
| 205 |
|
|
|a Изд. офиц.
|
| 210 |
|
|
|a Москва
|c Минздрав России
|d 2002
|
| 215 |
|
|
|a 15 с.
|c табл.
|
| 225 |
1 |
|
|a 4.1. Методы контроля. Химические факторы
|
| 225 |
1 |
|
|a Государственное санитарно-эпидемиологическое нормирование Российской Федерации
|
| 229 |
|
|
|a Утверждены Главным государственным санитарным врачом Российской Федерации 14.02.02. Введены впервые
|
| 606 |
1 |
|
|a Йод
|x Определение
|2 stltpush
|3 (RuTPU)RU\TPU\subj\13032
|9 39717
|
| 610 |
1 |
|
|a методические указания
|
| 610 |
1 |
|
|a МУК
|
| 610 |
1 |
|
|a методы контроля
|
| 610 |
1 |
|
|a химические факторы
|
| 610 |
1 |
|
|a определение
|
| 610 |
1 |
|
|a пищевые продукты
|
| 610 |
1 |
|
|a сырье
|
| 610 |
1 |
|
|a титриметрический анализ
|
| 610 |
1 |
|
|a измерения
|
| 610 |
1 |
|
|a погрешности измерения
|
| 675 |
|
|
|a 546.15
|v 3
|
| 801 |
|
1 |
|a RU
|b 63413507
|c 20080930
|g PSBO
|
| 801 |
|
2 |
|a RU
|b 63413507
|c 20230208
|g PSBO
|
| 942 |
|
|
|c BK
|